|
|
|
|
| LEADER |
01286nab#a2200397#ar4500 |
| 001 |
000106821 |
| 003 |
SVKKK |
| 005 |
20111201092436.0 |
| 008 |
111201c2011 xo |||||||||||||||b|eng |
| FMT |
|
|
|
| 038 |
|
|
|a SVKKK
|
| 040 |
|
|
|a SVKKK
|b slo
|e AACR2
|
| 041 |
0 |
|
|a eng
|b eng
|
| 044 |
|
|
|a ge
|c DE
|
| 080 |
|
|
|a 669.245
|2 1997
|
| 080 |
|
|
|a 669.26
|2 1997
|
| 080 |
|
|
|a 620.192.45
|2 1997
|
| 100 |
1 |
|
|a Saraf, L. V.
|4 aut
|
| 242 |
1 |
0 |
|a Segregácia chrómu na hraniciach zŕn a účinnosť čistenia iónovým zväzkom na zliatiny Ni-Fe-Cr
|
| 245 |
1 |
0 |
|a Chromium grain-boundary segregation and effect of ion beam cleaning on Ni-Fe-Cr alloys
|c L. V. Saraf
|
| 300 |
|
|
|b Obr., tab.
|
| 504 |
|
|
|a Bibliogr. odkazy
|
| 504 |
|
|
|a Res. angl.
|
| 650 |
0 |
4 |
|a zliatiny Ni-Fe-Cr
|
| 650 |
0 |
4 |
|a chróm
|
| 650 |
0 |
4 |
|a segregácia na hraniciach zŕn
|
| 650 |
0 |
4 |
|a čistenie iónovým zväzkom
|
| 773 |
0 |
|
|t Praktische Metallographie
|g Roč. 48, č. 4 (2011), s. 184-187
|x 0032-678X
|
| 958 |
|
|
|a NB
|
| 958 |
|
|
|a DE
|
| 974 |
|
|
|a Ma
|
| 992 |
|
|
|a RBX
|
| BAS |
|
|
|
| 852 |
|
|
|a SVKKK
|b BIB
|
| 856 |
4 |
1 |
|u http://www.practical-metallography.com/web/o_archiv.asp?o_id=2008100911513-122&ausgabe_id=211428123622-112&artikel_id=211428123622-800&task=03&j=2011&h=04&nav_id=200911201153293
|
| 998 |
|
|
|a HUT
|